[Event "Stay Safe Play From Home 220"]
[Site "T#646737Emanuel Laske"]
[Date "2020.06.12"]
[Round "2"]
[White "EL sanbary"]
[Black "Edmatuag"]
[Result "1-0"]
[WhiteElo "1905"]
[BlackElo "1756"]
[Annotator "TA"]
[PlyCount "119"]
[EventDate "2020.06.12"]
[EventType "swiss (blitz)"]

{[%evp 17,119,17,24,21,19,15,29,23,18,-27,30,27,19,-52,-37,-60,-47,-45,-42,-58,147,42,47,-7,-13,-26,127,133,133,123,162,152,158,155,280,280,264,231,245,236,600,597,590,527,765,614,741,666,652,641,1720,1775,1539,796,1510,1536,1239,1257,1379,1034,1562,1479,5618,4296,29977,29974,29977,29978,29977,29977,29983,29984,29995,29985,29995,29996,29996,29991,29994,29992,29992,29989,29990,29987,29987,29988,29991,29989,29990,29991,29991,29989,29989,29990,29990,29991,29994,29988,29993,29994,29994,29995,29995,29996]} 1. c4 c5 2. g3 Nc6 3. Bg2 Nf6 4. Nc3 g6 5. e4 Bg7 6. Nge2 d6 7. O-O O-O 8. d3 e5 9. h3 Be6 10. Be3 {A36: Symmetrical English vs ...g6: 4 Bg2 Bg7.} Qd7 11. Kh2 Nh5 12. Qd2 {White has an edge.} f5 13. f4 exf4 {[#]} (13... Nd4 $142) 14. Nxf4 $146 ({Predecessor:} 14. Bxf4 Ne5 15. b3 Rf7 16. exf5 Bxf5 17. Ne4 Nxf4 18. Nxf4 Bxe4 19. Bxe4 Kh8 20. Nd5 {½-½ (87) Jean,R (1732)-Drouot,F (2026) Montigny le Bretonneux 2012}) 14... Nxf4 15. gxf4 (15. Bxf4 $11 h5 16. Rae1) 15... Nd4 16. Rf2 fxe4 17. Nxe4 Bf5 18. Raf1 d5 $2 {[#]} (18... Rae8 $15 {stays ahead.}) 19. cxd5 (19. Nxc5 $16 Qe7 20. Bxd5+ Kh8 21. Nb3 (21. Nxb7 Rab8 $14) 21... Nxb3 22. axb3) 19... b6 20. Nc3 ({Better is} 20. b4 $14) 20... Rae8 21. Ne4 Qc8 $2 (21... Nb5 $11) 22. Nd6 $16 {White stays focused until the end.} Qd7 23. Nxe8 Rxe8 24. Bxd4 Bxd4 25. Re2 Qf7 (25... Rf8 $16 {was worth a try.} 26. Rfe1 Qd6) 26. Rxe8+ $18 Qxe8 27. Re1 Qd7 28. Qe2 {And now Qe7 would win.} Kg7 $2 {[#]} (28... Kf7 29. Be4 Bxh3) 29. Qe7+ Qxe7 30. Rxe7+ {[%mdl 4096] Endgame KRB-KB} Kh6 31. Rxa7 Bxb2 32. Rb7 Bxd3 33. d6 Bd4 34. d7 Bf6 35. Rb8 Bf5 36. d8=Q Bxd8 37. Rxd8 b5 38. Rb8 b4 39. Rb5 Be6 40. Rxc5 Bxa2 41. Rb5 {White mates.} b3 42. Bd5 Kg7 43. Bxb3 Bxb3 44. Rxb3 {KR-KPP} Kh6 45. Rb6 Kh5 46. Kg3 h6 47. h4 g5 48. hxg5 hxg5 49. fxg5 Kxg5 {KR-K} 50. Rb5+ Kf6 51. Kf4 Ke7 52. Re5+ Kd7 53. Kf5 Kc6 54. Ke4 Kd6 55. Kd4 Kc6 56. Rd5 Kc7 57. Rc5+ Kb7 58. Kd5 Kb6 59. Kd6 Kb7 60. Rc6 {Accuracy: White = 64%, Black = 36%.} 1-0

[Event "Stay Safe Play From Home 220"]
[Site "T#646737Emanuel Laske"]
[Date "2020.06.12"]
[Round "2"]
[White "Greblah"]
[Black "Ovsaik"]
[Result "1-0"]
[WhiteElo "1884"]
[BlackElo "1902"]
[Annotator "TA"]
[PlyCount "59"]
[EventDate "2020.06.12"]
[EventType "swiss (blitz)"]

{[%evp 9,59,21,27,22,41,0,30,37,78,77,112,62,77,74,119,-35,-25,-20,24,21,248,-24,537,547,537,536,509,243,398,362,1038,1028,1228,1088,1094,1097,1087,1087,1152,1126,1318,1310,2524,1923,29998,1453,1564,1593,29986,29987,29998,29999]} 1. e4 c5 2. Nc3 Nc6 3. g3 e6 4. Bg2 Nge7 5. d3 d5 6. exd5 {B24: Closed Sicilian: 3 g3 sidelines.} exd5 7. Nf3 Be6 {[#]} 8. d4 $146 {White has an edge.} ({Predecessor:} 8. O-O Ng6 9. Re1 Be7 10. Ne2 O-O 11. d4 c4 12. Nf4 Nxf4 13. Bxf4 Bf6 14. c3 {0-1 (46) Schwingen,D (1391)-Zuferi,E (1597) Verden 2008}) 8... Ng6 9. O-O Be7 10. Be3 b6 11. dxc5 bxc5 12. Bd2 $2 {[#]} ({White should try} 12. Ne1 $16) 12... O-O $15 13. Re1 Qc7 14. Ng5 $36 {[%mdl 2048] White has some pressure.} Bf5 $2 (14... Bxg5 $1 $11 15. Bxg5 d4) 15. Bf4 $2 ({Not} 15. Bxd5 Bxg5 16. Bxg5 Rab8 $16) (15. Nxd5 $18 Qc8 16. Nxe7+ Ngxe7 17. Be3) 15... Bd6 $2 {[%mdl 8192]} (15... Nxf4 $11 {and Black stays safe.} 16. gxf4 Qxf4 17. Nxf7 Bh4 18. Qxd5 Rxf7 19. Qxc6 Raf8) 16. Nxd5 $18 Qb8 {[%cal Rg6f4]} 17. Bxd6 Qxd6 18. c4 (18. Ne3 $142 Qxd1 19. Raxd1) 18... h6 $2 {[#]} (18... Nd4 {keeps fighting.} 19. Ne3 Rad8 20. Nxh7 Rfe8) 19. Ne7+ $1 {[%mdl 576] Discovered Attack} Ncxe7 $2 (19... Qxe7 20. Rxe7 Ngxe7) 20. Qxd6 hxg5 21. Rxe7 Rad8 22. Qxc5 Nxe7 23. Qxe7 Rfe8 24. Qxg5 Bg6 25. h4 Re6 26. h5 Bh7 27. Bh3 (27. Qxd8+ $142 Re8 28. Qxe8#) 27... Red6 28. Re1 Rd4 29. h6 {[%csl Gh6][%cal Rg5g7]} g6 30. Qf6 {Accuracy: White = 48%, Black = 17%.} 1-0

[Event "Stay Safe Play From Home 220"]
[Site "T#646737Emanuel Laske"]
[Date "2020.06.12"]
[Round "2"]
[White "Justwatch"]
[Black "Little champs"]
[Result "0-1"]
[WhiteElo "1835"]
[BlackElo "2218"]
[Annotator "TA"]
[PlyCount "60"]
[EventDate "2020.06.12"]
[EventType "swiss (blitz)"]

{[%evp 9,60,-28,-22,-18,-7,-57,-63,-63,-20,-23,-16,-24,-21,-12,-17,-29,-24,-83,0,0,0,-52,-51,-66,3,9,4,2,7,-101,-94,-99,-92,-97,-83,-80,-61,-95,-21,-17,-22,-563,-561,-622,-623,-680,-670,-742,-716,-760,-741,-1116,-1106]} 1. e4 Nf6 2. Bc4 e6 3. e5 Nd5 4. Bxd5 exd5 5. d4 d6 6. Nf3 {B02: Alekhine's Defence: Chase Variation and lines with early Nc3.} Bg4 7. Nbd2 {[#]} dxe5 $146 ({Predecessor:} 7... Nc6 8. h3 Bh5 9. O-O dxe5 10. dxe5 Be7 11. Re1 O-O 12. b3 Qd7 13. Bb2 Nd8 {0-1 (24) Cabral,M (1771)-Mesquita,A (1691) Juiz de Fora 2015}) 8. dxe5 {Black is slightly better.} Nd7 9. O-O Be7 10. Re1 O-O 11. h3 Bh5 12. Nb3 c6 13. Qd4 (13. Nbd4 $11) 13... Qc7 (13... Re8 $17) 14. Bf4 $11 {[#] Black must now prevent g4.} Qb6 15. Qxb6 ({Better is} 15. Bg5 $11 Bxg5 16. Nxg5) 15... axb6 $15 16. Bg5 Bxf3 (16... Bxg5 $15 17. Nxg5 Rfe8) 17. Bxe7 $11 Rfe8 18. Bd6 Be4 19. f3 (19. Nd4 $11 {keeps the balance.}) 19... Bxc2 $17 20. Nd4 Bg6 21. f4 h6 22. f5 Bh7 23. e6 fxe6 (23... Nc5 $17 24. exf7+ Kxf7 25. Rxe8 Rxe8) 24. fxe6 $11 Nf6 25. Nf5 $2 {[%mdl 8192] [#] Loses the game.} (25. e7 $1 $11 {and White stays safe.}) 25... Bxf5 $19 {Black is clearly winning.} 26. Rf1 Bxe6 27. Bg3 Ne4 28. Bh4 Rf8 29. Rfe1 g5 30. Bxg5 hxg5 {Accuracy: White = 56%, Black = 68%.} 0-1

[Event "Stay Safe Play From Home 220"]
[Site "T#646737Emanuel Laske"]
[Date "2020.06.12"]
[Round "2"]
[White "Haris kollari 13"]
[Black "Haxhi Baha"]
[Result "0-1"]
[WhiteElo "1796"]
[BlackElo "1946"]
[Annotator "NA RC"]
[PlyCount "62"]
[EventDate "2020.06.12"]
[EventType "swiss (blitz)"]

1. e4 {[%emt 0:00:01]} c5 {[%emt 0:00:02]} 2. f4 {[%emt 0:00:00]} Nc6 {[%emt 0:00:01]} 3. Nf3 {[%emt 0:00:00]} d6 {[%emt 0:00:00]} 4. c3 {[%emt 0:00:00]} e6 {[%emt 0:00:00]} 5. d4 {[%emt 0:00:01]} cxd4 {[%emt 0:00:00]} 6. cxd4 {[%emt 0:00:00]} Nf6 {[%emt 0:00:00]} 7. Nc3 {[%emt 0:00:01]} Qa5 {[%emt 0:00:01]} 8. Bd3 {[%emt 0:00:02]} Nb4 {[%emt 0:00:02]} 9. Bb1 {[%emt 0:00:02]} Bd7 {[%emt 0:00:01]} 10. a3 {[%emt 0:00:01]} Nc6 {[%emt 0:00:01]} 11. Be3 {[%emt 0:00:01]} Be7 {[%emt 0:00:02]} 12. O-O {[%emt 0:00:01]} a6 {[%emt 0:00:01]} 13. b4 {[%emt 0:00:01]} Nxb4 {[%emt 0:00:03]} 14. axb4 {[%emt 0:00:05]} Qxa1 {[%emt 0:00:01]} 15. Qb3 {[%emt 0:00:01]} a5 {[%emt 0:00:03]} 16. b5 {[%emt 0:00:02]} a4 {[%emt 0:00:01]} 17. Qc4 {[%emt 0:00:04]} Rc8 {[%emt 0:00:01]} 18. Qxa4 {[%emt 0:00:09]} Qxc3 {[%emt 0:00:02]} 19. Rc1 {[%emt 0:00:01]} Qxc1+ {[%emt 0:00:01]} 20. Bxc1 {[%emt 0:00:01]} Rxc1+ {[%emt 0:00:00]} 21. Kf2 {[%emt 0:00:00]} Rxb1 {[%emt 0:00:01]} 22. Qa8+ {[%emt 0:00:01]} Bd8 {[%emt 0:00:01]} 23. Qxb7 {[%emt 0:00:01]} Rxb5 {[%emt 0:00:01]} 24. Qa7 {[%emt 0:00:02]} Nxe4+ {[%emt 0:00:01]} 25. Ke3 {[%emt 0:00:05]} d5 {[%emt 0:00:00]} 26. Ne5 {[%emt 0:00:01]} Rb3+ {[%emt 0:00:01]} 27. Ke2 {[%emt 0:00:03]} Nf6 {[%emt 0:00:06]} 28. g4 {[%emt 0:00:03]} h6 {[%emt 0:00:03]} 29. g5 {[%emt 0:00:01]} hxg5 {[%emt 0:00:00]} 30. fxg5 {[%emt 0:00:00]} Rxh2+ {[%emt 0:00:00]} 31. Kd1 {[%emt 0:00:02]} Rb1# {[%emt 0:00:00] (Lag: Av=0.83s, max=1.5s)} 0-1

[Event "Stay Safe Play From Home 220"]
[Site "T#646737Emanuel Laske"]
[Date "2020.06.12"]
[Round "2"]
[White "Grizzzly"]
[Black "Fischer_11"]
[Result "1-0"]
[WhiteElo "1756"]
[BlackElo "2036"]
[Annotator "NA RC"]
[PlyCount "69"]
[EventDate "2020.06.12"]
[EventType "swiss (blitz)"]

1. d4 {[%emt 0:00:02]} e5 {[%emt 0:00:02]} 2. c3 {[%emt 0:00:01]} exd4 {[%emt 0:00:01]} 3. cxd4 {[%emt 0:00:00]} Nf6 {[%emt 0:00:00]} 4. Nf3 {[%emt 0:00:02]} g6 {[%emt 0:00:00]} 5. Bg5 {[%emt 0:00:03]} Bg7 {[%emt 0:00:00]} 6. Nc3 {[%emt 0:00:01]} c6 {[%emt 0:00:01]} 7. e3 {[%emt 0:00:00]} d5 {[%emt 0:00:00]} 8. Bd3 {[%emt 0:00:01]} O-O {[%emt 0:00:00]} 9. O-O {[%emt 0:00:00]} h6 {[%emt 0:00:00]} 10. Bh4 {[%emt 0:00:01]} g5 {[%emt 0:00:00]} 11. Bg3 {[%emt 0:00:01]} Bg4 {[%emt 0:00:01]} 12. h3 {[%emt 0:00:01]} Bh5 {[%emt 0:00:01]} 13. Be2 {[%emt 0:00:01]} Bg6 {[%emt 0:00:01]} 14. Ne5 {[%emt 0:00:01]} Bh7 {[%emt 0:00:01]} 15. h4 {[%emt 0:00:03]} Ne4 {[%emt 0:00:04]} 16. Nxe4 {[%emt 0:00:01]} Bxe4 {[%emt 0:00:00]} 17. hxg5 {[%emt 0:00:01]} hxg5 {[%emt 0:00:05]} 18. Bd3 {[%emt 0:00:02]} Nd7 {[%emt 0:00:01]} 19. Bxe4 {[%emt 0:00:01]} dxe4 {[%emt 0:00:00]} 20. Nxd7 {[%emt 0:00:01]} Qxd7 {[%emt 0:00:01]} 21. f3 {[%emt 0:00:00]} exf3 {[%emt 0:00:04]} 22. Qxf3 {[%emt 0:00:01]} Qd5 {[%emt 0:00:02]} 23. Qxd5 {[%emt 0:00:01]} cxd5 {[%emt 0:00:00]} 24. Rf5 {[%emt 0:00:01]} Rfe8 {[%emt 0:00:03]} 25. Raf1 {[%emt 0:00:00]} Re7 {[%emt 0:00:04]} 26. Rxd5 {[%emt 0:00:01]} Rxe3 {[%emt 0:00:01]} 27. Rd7 {[%emt 0:00:01]} Rf8 {[%emt 0:00:10]} 28. Bd6 {[%emt 0:00:03]} Bxd4 {[%emt 0:00:05]} 29. Kh1 {[%emt 0:00:04]} Rfe8 {[%emt 0:00:05]} 30. Rfxf7 {[%emt 0:00:01]} Re1+ {[%emt 0:00:01]} 31. Kh2 {[%emt 0:00:01]} Be5+ {[%emt 0:00:02]} 32. Bxe5 {[%emt 0:00:01]} R8xe5 {[%emt 0:00:01]} 33. Rg7+ {[%emt 0:00:01]} Kf8 {[%emt 0:00:01]} 34. Rdf7+ {[%emt 0:00:01]} Ke8 {[%emt 0:00:01]} 35. Rxb7 {[%emt 0:00:01] Zeit (Lag: Av=0.25s, max=0.4s)} 1-0

[Event "Stay Safe Play From Home 220"]
[Site "T#646737Emanuel Laske"]
[Date "2020.06.12"]
[Round "3"]
[White "Mepe_Nika"]
[Black "Lamborghini"]
[Result "1-0"]
[WhiteElo "2368"]
[BlackElo "2290"]
[Annotator "TA"]
[PlyCount "83"]
[EventDate "2020.06.12"]
[EventType "swiss (blitz)"]

{[%evp 14,83,0,9,0,5,20,5,41,37,35,37,75,67,85,69,77,52,75,59,78,65,73,83,87,80,153,146,143,152,182,114,152,156,146,161,400,370,339,136,495,483,590,590,601,594,585,501,500,491,489,474,2291,2300,29976,1850,1805,1819,12813,2041,5816,5816,29992,29993,29996,29995,29995,29993,29996,664,663,635]} 1. d4 Nf6 2. Bf4 g6 3. e3 Bg7 4. Nf3 O-O 5. h3 d6 6. Be2 b6 7. O-O Bb7 8. a4 Nbd7 {A48: 1 d4 Nf6 2 Nf3 g6: Torre, London and Colle Systems.} 9. a5 Rb8 {[#]} 10. c4 $146 ({Predecessor:} 10. Bh2 c5 11. a6 Bc6 12. c4 Bxf3 13. Bxf3 Ne8 14. Nc3 Nc7 15. Bc6 f5 16. Qd2 {1-0 (37) Skomorokhin,R (2381)-Domogaev,S (2481) Sochi 2015}) 10... a6 {The position is equal.} 11. axb6 cxb6 12. Nc3 Ra8 13. Nd2 Qc7 14. b3 Rfc8 15. Bf3 h6 16. Bg3 Kh7 17. Qe2 b5 18. Rfc1 Bxf3 19. Qxf3 b4 (19... Qd8 $142) 20. Nd5 $16 Nxd5 21. Qxd5 Kg8 {[#]} 22. Qa5 (22. c5 $1 $18) 22... Qb7 {[#]} 23. Ra4 $1 Rcb8 24. c5 dxc5 $2 (24... Qc6 {was worth a try.} 25. Rc4 (25. Rxb4 Rb5 $16) 25... Rb5 26. cxd6 {[%mdl 64] Discovered Attack} Qb6 27. Qxb6 Nxb6) 25. Bxb8 $18 Rxb8 26. Qxa6 (26. dxc5 $18 {is more deadly. Threatens to win with c6.} Ne5 27. Qxa6) 26... Qc7 $2 {[%mdl 8192] This move loses the game for Black.} (26... cxd4 $16 27. Qxb7 Rxb7 28. Ra8+ Kh7 29. exd4 Bxd4) 27. Ne4 Kh7 28. Nxc5 Nxc5 29. Rxc5 Qd7 30. Qa7 Rb7 31. Qa8 h5 32. Qc8 Qd6 (32... Qxc8 $142 33. Rxc8 e6) 33. Qxb7 Qf6 34. Qf3 (34. Ra6 $142 Qh4 35. g3 Qf6 36. Rxf6 Bxf6 37. g4 Bh4 38. g5 Bxg5 39. Rxg5) 34... Qe6 35. Rc6 Qxb3 36. Ra8 Qb1+ 37. Kh2 e5 38. Qxf7 exd4 39. Qg8+ Kh6 40. Qe6 Qd3 41. Qxg6+ (41. e4 $142 Qxe4 42. Qxe4 Be5+ 43. Qxe5 Kh7 44. Qh8#) 41... Qxg6 42. Rxg6+ {Accuracy: White = 71%, Black = 41%.} 1-0

[Event "Stay Safe Play From Home 220"]
[Site "T#646737Emanuel Laske"]
[Date "2020.06.12"]
[Round "3"]
[White "Toosieslide"]
[Black "EL sanbary"]
[Result "1-0"]
[WhiteElo "2244"]
[BlackElo "1915"]
[Annotator "TA"]
[PlyCount "87"]
[EventDate "2020.06.12"]
[EventType "swiss (blitz)"]

{[%evp 9,87,-11,-1,-15,0,-55,-48,-132,-97,-97,-108,-84,-87,-95,5,0,0,4,33,9,56,53,76,-54,13,-87,59,0,22,12,369,381,435,439,433,437,618,300,288,291,404,331,333,326,332,255,255,255,261,260,261,242,261,256,332,331,331,331,331,331,331,331,331,331,331,331,331,324,324,275,279,279,271,19,455,429,636,629,686,276]} 1. d4 d5 2. c4 e6 3. Nc3 Nf6 4. c5 Be7 5. b4 O-O 6. a3 {D35: Queen's Gambit Declined: Exchange Variation.} b6 {[#]} 7. Bb2 $146 ({White should play} 7. e3 $11) ({Predecessor:} 7. Nf3 bxc5 8. bxc5 c6 9. e3 Na6 10. Bd3 Rb8 11. O-O Qa5 12. Bd2 Bd7 13. Nxd5 {1-0 (37) Tortoza,C (1507)-Klein,W (1860) Remote email 2013}) 7... bxc5 $15 8. dxc5 (8. bxc5 $15 Nc6 9. e3) 8... a5 9. Nf3 axb4 10. axb4 Rxa1 11. Qxa1 c6 (11... d4 $17 12. Nb5 Qd5) 12. e3 $11 Qc7 13. Be2 Qb7 14. Qa3 Nbd7 15. O-O $36 {[%mdl 2048] White has good play.} Bd8 16. b5 (16. Nd4 $16) 16... cxb5 (16... Be7 $15) 17. Bxb5 (17. Nxb5 $11 Be7 18. Bd4) 17... Nb8 (17... Be7 $17 18. Ra1 Nxc5) 18. Ne5 (18. Bd3 $14) 18... Bd7 19. Nxd7 {[%mdl 64] [#] Overworked Piece} Nbxd7 $4 {[%mdl 8192]} (19... Nfxd7 $11 {and Black has nothing to worry.} 20. Qa4 Nxc5) 20. c6 $18 {[%mdl 64] Double Attack} Qc7 21. cxd7 Nxd7 22. Rc1 Qb7 (22... Ne5 $142 23. Nxd5 Qb7) 23. Qa6 (23. Qd6 $142) 23... Qxa6 24. Bxa6 Nf6 25. Bd3 Ba5 26. Ne2 h6 27. Bxf6 gxf6 28. Ra1 Bb4 29. g3 Rc8 30. Kg2 Kg7 31. Ra4 Bc3 32. Rg4+ Kf8 33. Nxc3 Rxc3 {[%mdl 4096] Endgame KRB-KR} 34. Be2 f5 35. Rd4 Kg7 36. Bf3 Kf6 37. Rd2 Rc1 38. h3 Rc3 39. g4 fxg4 40. hxg4 Ke5 41. Bxd5 $2 {[#]} ({Better is} 41. Rb2 $18) 41... Kf6 $2 {[%mdl 8192]} (41... exd5 $11 42. Kg3 Rc4) 42. Bf3 {White is clearly winning.} e5 (42... Ke7 $142 43. Rd1 Kf6) 43. Kg3 e4 44. Rd6+ {Accuracy: White = 56%, Black = 44%.} (44. Bxe4 $142 Ke5 45. Kf3) 1-0

[Event "Stay Safe Play From Home 220"]
[Site "T#646737Emanuel Laske"]
[Date "2020.06.12"]
[Round "3"]
[White "Little champs"]
[Black "Lazieri3"]
[Result "1-0"]
[WhiteElo "2221"]
[BlackElo "2014"]
[Annotator "TA"]
[PlyCount "101"]
[EventDate "2020.06.12"]
[EventType "swiss (blitz)"]

{[%evp 9,101,10,50,22,32,17,45,35,52,36,55,37,62,28,35,38,30,14,33,18,26,24,46,31,33,-53,-45,-36,-25,-38,-48,-45,0,0,0,0,14,14,4,-4,-4,-10,14,-11,0,-11,0,0,-2,-3,0,-27,0,-125,0,0,38,33,159,156,172,-93,-83,-498,-18,-83,-71,-175,-197,-162,8,8,8,0,8,8,8,8,8,8,8,0,0,-78,-8,-8,0,0,0,-29971,29983,-5057,-5057,-1165]} 1. d3 c6 2. Nf3 d5 3. g3 Nf6 4. Bg2 Bf5 5. O-O Qc8 {[#]} 6. c3 $146 {A07: Réti Opening: New York and Capablanca Systems.} ({Predecessor:} 6. c4 dxc4 7. dxc4 g6 8. Qb3 Bg7 9. Nc3 O-O 10. Be3 {½-½ (10) Tadic,B (2476)-Lajthajm,B (2459) Montenegro 2017}) 6... Bh3 7. Bg5 h6 8. Bxf6 {White is slightly better.} exf6 9. e4 Bxg2 10. Kxg2 dxe4 11. dxe4 Bc5 12. Nbd2 O-O 13. Nb3 Bb6 14. Qc2 Nd7 15. Rad1 Ne5 16. Nxe5 fxe5 17. f4 (17. Rd2 $14) 17... exf4 $15 18. Rxf4 Rd8 19. Rdf1 Rd7 20. e5 Qc7 21. e6 $1 {[%cal Re6d7]} fxe6 22. Qg6 Rad8 23. Qxe6+ Kh7 $1 24. Rf8 Rxf8 25. Rxf8 {aiming for Qe8.} Qd6 26. Qg8+ Kg6 27. h4 (27. Qc4 {looks sharper.} Qd5+ 28. Qxd5 Rxd5 29. Re8 Rd1 30. a4) 27... Qd5+ (27... Re7 {is interesting.} 28. Qc4 Qe6 29. Qd3+ Qe4+ 30. Qxe4+ Rxe4 31. Nc1 Re3) 28. Qxd5 Rxd5 $11 {[%mdl 4096] Endgame KRB-KRN} 29. Rb8 Rd7 30. c4 c5 31. a3 (31. Rf8 $11) 31... Kf5 (31... Rd3 $17 32. Nc1 Rxg3+ $1 {[%mdl 512]} 33. Kf2 Rg4) 32. a4 {[%cal Ba3a4,Ba4a5][%mdl 32]} g5 {White must now prevent ...Rd3.} 33. a5 Bc7 ({Better is} 33... Bd8 $14) 34. Rxb7 $16 gxh4 35. Nxc5 $2 (35. gxh4 $18 Rg7+ 36. Kf3) 35... Rd2+ $17 36. Kf3 $2 {[%mdl 8192]} (36. Kh3 $17 Bxg3 37. Rf7+ Kg6 38. Rf6+ {[%mdl 64] Decoy} (38. Rxa7 $2 {is a self mate.} Kh5 39. Rh7 Rh2#) 38... Kxf6 39. Ne4+ Ke5 40. Nxd2) 36... Bxg3 $2 ({Black should play} 36... h3 $1 $19 {[%cal Rh3h2]} 37. Rb5 (37. Rxc7 $2 h2 $19) 37... h2 38. Nd7+ Kg6 39. Nf8+ Kf7 40. Rf5+ Kg7) 37. Rf7+ {[#]} (37. b4 $11 {keeps the balance.}) 37... Kg6 $1 38. Rd7 (38. Rf6+ $17 Kxf6 39. Ne4+ Ke5 40. Nxd2) 38... Rf2+ $19 39. Ke3 Rf7 $2 (39... Rxb2 $19 {...Bf2+ is the strong threat.} 40. Nd3 Rb3) 40. Rxf7 $11 Kxf7 {KB-KN} 41. Ne4 Bc7 42. b4 h3 {Hoping for ...h2.} 43. Kf3 h2 44. Kg2 Ke6 45. b5 Bxa5 46. Kxh2 {[#]} (46. Nc5+ $11 Ke5 47. Kxh2) 46... Ke5 (46... Bb4 $1 $17) 47. Nc5 Kd4 48. Nb3+ {[%mdl 64] Double Attack} Kxc4 {[%mdl 64] Double Attack} 49. b6 $2 {[%mdl 8192]} (49. Nxa5+ $11 Kxb5 50. Nb7) 49... Kb5 $4 {[%mdl 8192]} (49... axb6 50. Na1 b5 51. Nc2 Kd3 52. Na3 b4 53. Nb1 Kc2 54. Kh3 Kxb1 55. Kg4 b3 56. Kh4 b2 57. Kg4 Kc2 58. Kf5 b1=Q 59. Ke5 Qb6 60. Kf5 Qd6 61. Ke4 Bc7 62. Kf3 Qd2 63. Kg4 Qf4+ 64. Kh5 Qg5#) 50. b7 $4 {[%mdl 8192]} (50. bxa7 {was the only winning move.} Bc7+ 51. Kh3 Kc4 52. a8=Q Be5 53. Nd2+ Kd4 54. Qe4+ Kc3 55. Qxe5+ Kxd2 56. Qc5) 50... Bc7+ $19 51. Kg2 {[%mdl 32768] Quite a comeback for Black. Accuracy: White = 56%, Black = 60%. . Sensor Board Error (Ke4/e5)?} 1-0

[Event "Stay Safe Play From Home 220"]
[Site "T#646737Emanuel Laske"]
[Date "2020.06.12"]
[Round "3"]
[White "Fischer_11"]
[Black "Haris kollari 13"]
[Result "1-0"]
[WhiteElo "2007"]
[BlackElo "1786"]
[Annotator "NA RC"]
[PlyCount "83"]
[EventDate "2020.06.12"]
[EventType "swiss (blitz)"]

1. e4 {[%emt 0:00:01]} e6 {[%emt 0:00:00]} 2. d4 {[%emt 0:00:01]} d5 {[%emt 0:00:00]} 3. Nd2 {[%emt 0:00:00]} Nf6 {[%emt 0:00:01]} 4. e5 {[%emt 0:00:01]} Nfd7 {[%emt 0:00:00]} 5. f4 {[%emt 0:00:00]} c6 {[%emt 0:00:01]} 6. c3 {[%emt 0:00:00]} c5 {[%emt 0:00:01]} 7. Ndf3 {[%emt 0:00:00]} Nc6 {[%emt 0:00:01]} 8. g3 {[%emt 0:00:01]} c4 {[%emt 0:00:00]} 9. Bh3 {[%emt 0:00:00]} b5 {[%emt 0:00:03]} 10. Ne2 {[%emt 0:00:00]} Nb6 {[%emt 0:00:01]} 11. f5 {[%emt 0:00:00]} exf5 {[%emt 0:00:02]} 12. O-O {[%emt 0:00:02]} g6 {[%emt 0:00:01]} 13. a3 {[%emt 0:00:04]} Be6 {[%emt 0:00:02]} 14. Bg5 {[%emt 0:00:00]} Be7 {[%emt 0:00:01]} 15. Bxe7 {[%emt 0:00:00]} Qxe7 {[%emt 0:00:01]} 16. Qd2 {[%emt 0:00:01]} a5 {[%emt 0:00:01]} 17. Ng5 {[%emt 0:00:01]} h6 {[%emt 0:00:02]} 18. Nf3 {[%emt 0:00:02]} O-O-O {[%emt 0:00:06]} 19. Nh4 {[%emt 0:00:01]} Rdg8 {[%emt 0:00:03]} 20. a4 {[%emt 0:00:01]} b4 {[%emt 0:00:01]} 21. cxb4 {[%emt 0:00:01]} Nxb4 {[%emt 0:00:02]} 22. b3 {[%emt 0:00:02]} cxb3 {[%emt 0:00:02]} 23. Rfc1+ {[%emt 0:00:03]} Kb7 {[%emt 0:00:01]} 24. Rab1 {[%emt 0:00:01]} b2 {[%emt 0:00:02]} 25. Rxb2 {[%emt 0:00:01]} Nc4 {[%emt 0:00:01]} 26. Rxc4 {[%emt 0:00:04]} dxc4 {[%emt 0:00:01]} 27. Bg2+ {[%emt 0:00:02]} Ka6 {[%emt 0:00:02]} 28. d5 {[%emt 0:00:02]} Bc8 {[%emt 0:00:05]} 29. d6 {[%emt 0:00:01]} Qa7+ {[%emt 0:00:01]} 30. Kf1 {[%emt 0:00:02]} Bb7 {[%emt 0:00:01]} 31. Rxb4 {[%emt 0:00:02]} axb4 {[%emt 0:00:02]} 32. Qxb4 {[%emt 0:00:00]} Bxg2+ {[%emt 0:00:01]} 33. Nxg2 {[%emt 0:00:00]} Rb8 {[%emt 0:00:02]} 34. Qxc4+ {[%emt 0:00:01]} Kb7 {[%emt 0:00:02]} 35. Nd4 {[%emt 0:00:01]} Ka8 {[%emt 0:00:02]} 36. Nb5 {[%emt 0:00:01]} Qb6 {[%emt 0:00:01]} 37. Ne3 {[%emt 0:00:02]} Rhc8 {[%emt 0:00:02]} 38. Qb4 {[%emt 0:00:01]} Rc6 {[%emt 0:00:01]} 39. Nd5 {[%emt 0:00:01]} Qc5 {[%emt 0:00:02]} 40. Qa5+ {[%emt 0:00:01]} Kb7 {[%emt 0:00:01]} 41. Qa7+ {[%emt 0:00:01]} Kc8 {[%emt 0:00:01]} 42. Qd7+ {[%emt 0:00:01] Time (Lag: Av=0.35s, max=0.5s)} 1-0